Länder mit genau zwei Nachbarländern - Statistiken

Allgemein
  • Dieses Quiz wurde 98 mal gespielt
  • Das Durchschnittsergebnis liegt bei 21 aus 27
Antwortstatistiken
Nachbarländer Land % Korrekt
🇪🇸 🇫🇷 Andorra
99%
🇨🇭 🇦🇹 Liechtenstein
98%
🇨🇦 🇲🇽 Vereinigte Staaten
92%
🇳🇴 🇫🇮 Schweden
91%
🇩🇪 🇧🇪 Niederlande
88%
🇨🇳 🇮🇳 Nepal
87%
🇷🇺 🇱🇻 Estland
84%
🇨🇳 🇮🇳 Bhutan
82%
🇷🇴 🇺🇦 Moldau
82%
🇲🇽 🇬🇹 Belize
81%
🇳🇮 🇵🇦 Costa Rica
81%
🇷🇺 🇨🇳 Mongolei
81%
🇸🇾 🇮🇱 Libanon
78%
🇨🇴 🇵🇪 Ecuador
76%
🇸🇦 🇴🇲 Jemen
76%
🇦🇷 🇧🇷 Uruguay
76%
🇭🇳 🇨🇷 Nicaragua
74%
🇨🇷 🇨🇴 Panama
74%
🇬🇹 🇭🇳 El Salvador
73%
🇿🇦 🇲🇿 Eswatini
73%
🇮🇶 🇸🇦 Kuwait
73%
🇮🇳 🇲🇲 Bangladesch
71%
🇩🇿 🇱🇾 Tunesien
69%
🇩🇿 🇲🇷 Marokko
53%
🇬🇳 🇱🇷 Sierra Leone
52%
🇸🇳 🇬🇳 Guinea-Bissau
51%
🇨🇲 🇬🇦 Äquatorialguinea
49%
Keine übereinstimmenden Quizze gefunden
Verteilung der Resultate
Anzahl Personen mit jedem Resultat
Perzentil nach korrekt beantworteten Fragen
Ihre Resultats-Entwicklung
Sie haben dieses Quiz noch nicht gespielt